书目信息 |
| 题名: |
草根,不主义
|
|
| 作者: | 郎遥远 著 | |
| 分册: | ||
| 出版信息: | 北京 中国经济出版社 2009 |
|
| 页数: | 14,258页 | |
| 开本: | 24cm | |
| 丛书名: | ||
| 单 册: | ||
| 中图分类: | D609.9 | |
| 科图分类: | ||
| 主题词: | 时事评论--中国--现代--文集 , 时事评论 | |
| 电子资源: | ||
| ISBN: | 978-7-5017-9404-1 | |
| 000 | 00798nam0 2200241 45 | |
| 001 | 1032980109 | |
| 005 | 20100407172157.82 | |
| 010 | @a978-7-5017-9404-1@dCNY38.00 | |
| 100 | @a20100331d2009 em y0chiy50 ea | |
| 101 | 0 | @achi |
| 102 | @aCN@b110000 | |
| 105 | @ay z 000yy | |
| 106 | @ar | |
| 200 | 1 | @a草根,不主义@ACao Gen, Bu Zhu Yi@f郎遥远著@FLang Yao Yuan Zhu |
| 210 | @a北京@c中国经济出版社@d2009 | |
| 215 | @a14,258页@d24cm | |
| 330 | @a本书收录了众多时事评论,主要内容包括:草根谈文化、草根论民主、草根说经济、草根看社会、草根观两岸、草根读历史、非常草根、草根性情、草根评说。 | |
| 606 | 0 | @a时事评论@y中国@z现代@j文集 |
| 606 | 0 | @a时事评论 |
| 690 | @aD609.9@v4 | |
| 701 | 0 | @a郎遥远@ALang Yao Yuan@4著 |
| 801 | 0 | @aCN@bTANGWEI@c20100407 |
| 905 | @b0587006-10@dD609.9@e100@f5 | |
| 草根,不主义/郎遥远著.-北京:中国经济出版社,2009 |
| 14,258页;24cm |
| ISBN 978-7-5017-9404-1:CNY38.00 |
| 本书收录了众多时事评论,主要内容包括:草根谈文化、草根论民主、草根说经济、草根看社会、草根观两岸、草根读历史、非常草根、草根性情、草根评说。 |
| ● |
| 相关链接 |
|
|
|
|
正题名:草根,不主义
索取号:D609.9/100
 
预约/预借
| 序号 | 登录号 | 条形码 | 馆藏地/架位号 | 状态 | 备注 |
| 1 | 0587006 | 205870066 | 第一样本阅览室/ [索取号:D609.9/100] | 在馆 | |
| 2 | 0587007 | 205870075 | 第一借阅区/ [索取号:D609.9/100] | 在馆 | |
| 3 | 0587008 | 205870084 | 第一借阅区/ [索取号:D609.9/100] | 在馆 | |
| 4 | 0587009 | 205870093 | 第一借阅区/ [索取号:D609.9/100] | 在馆 | |
| 5 | 0587010 | 205870100 | 第一借阅区/ [索取号:D609.9/100] | 在馆 |